Statistics for 2005-2015 NBA top 5 picks

Click here to take the quiz!

General Stats

  • This quiz has been taken 19 times
  • The average score is 21 of 55

Answer Stats

yearAnswer% Correct
2013Anthony Bennett
86%
2012Anthony Davis
86%
2014Andrew Wiggins
79%
2015Karl-Anthony Towns
79%
2009Blake Griffin
71%
2008Derrick Rose
71%
2007Kevin Durant
71%
2011Kyrie Irving
71%
2008Russell Westbrook
71%
2015D'Angelo Russell
64%
2010Demarcus Cousins
64%
2005Deron Williams
64%
2015Jahlil Okafor
64%
2010John Wall
64%
2005Marvin Williams
64%
2005Andrew Bogut
57%
2009James Harden
57%
2014Joel Embiid
57%
2015Kristaps Porzingis
57%
2005Chris Paul
50%
2007Jeff Green
50%
2008Kevin Love
50%
2014Aaron Gordon
43%
2012Bradley Beal
43%
2012Dion Waiters
43%
2007Greg Oden
43%
2007Mike Conley
43%
2013Otto Porter
43%
2013Victor Oladipo
43%
2007Al Horford
36%
2014Jabari Parker
36%
2006LaMarcus Aldridge
36%
2009Ricky Rubio
36%
2010Wesley Johnson
36%
2006Andrea Bargnani
29%
2010Derrick Favors
21%
2010Evan Turner
21%
2011Enes Kanter
14%
2009Hasheem Thabeet
14%
2011Jonas Valanciunas
14%
2012Michael Kidd-Gilchrist
14%
2009Tyreke Evans
14%
2006Adam Morrison
7%
2013Alex Len
7%
2013Cody Zeller
7%
2014Dante Exum
7%
2011Derrick Williams
7%
2008Michael Beasley
7%
2008O.J. Mayo
7%
2005Raymond Felton
7%
2012Thomas Robinson
7%
2006Tyrus Thomas
7%
2015Mario Heronja
0%
2006Sheldon Williams
0%
2011Triston Thompson
0%

Score Distribution

Percentile by Number Answered

Percent of People with Each Score

Your Score History

You have not taken this quiz